[Event "XXIV Weekend B"]
[Site "Ceriano Laghetto"]
[Date "2015.03.07"]
[Round "3"]
[White "Orlandini, Andrea"]
[Black "Burani, Eugenio"]
[WhiteElo "1646"]
[BlackElo "1813"]
[Result "0-1"]
[PlyCount "68"]
[EventDate "2015.03.06"]

1. e4 c5 2. Nf3 Nc6 3. d4 cxd4 4. Nxd4 e5 5. Nb5 d6 6. N1c3 a6 7. Na3 b5 8. Nd5
Nf6 9. Be3 Nxd5 10. exd5 Ne7 11. c4 b4 12. Qa4+ Bd7 13. Qxb4 Nf5 14. Nc2 Be7
15. Bd3 Nxe3 16. Nxe3 O-O 17. O-O f5 18. Nd1 g5 19. f3 Rb8 20. Qd2 Qb6+ 21. Qf2
Qd8 22. Qe2 Rf6 23. Rc1 h5 24. b3 g4 25. fxg4 hxg4 26. g3 Qf8 27. Bb1 Qh6 28.
Ne3 Rbf8 29. Rc3 Qh5 30. Nc2 Bd8 31. b4 f4 32. a3 Bb6+ 33. c5 Bb5 34. Qe1 fxg3
0-1

[Event "XXIV Weekend B"]
[Site "Ceriano Laghetto"]
[Date "2015.03.07"]
[Round "3"]
[White "Poletto, Daniele"]
[Black "Manco, David Jonatan"]
[WhiteElo "1708"]
[BlackElo "1897"]
[Result "1/2-1/2"]
[PlyCount "88"]
[EventDate "2015.03.06"]

1. c4 c6 2. Nf3 Nf6 3. g3 d5 4. b3 g6 5. Bb2 Bg7 6. Bg2 Nbd7 7. O-O Rb8 8. cxd5
cxd5 9. d3 O-O 10. Nbd2 b5 11. Rc1 Bb7 12. Rc2 Re8 13. Qa1 Rc8 14. Rfc1 Rxc2
15. Rxc2 Qa8 16. Rc7 Nf8 17. Qc1 Rc8 18. Rxc8 Qxc8 19. Qxc8 Bxc8 20. Ba3 e6 21.
Ne5 Bb7 22. d4 N6d7 23. Nxd7 Nxd7 24. e3 Bf8 25. Bxf8 Kxf8 26. b4 Ke7 27. Nb3
Kd6 28. Nc5 Bc6 29. Nxd7 Bxd7 30. Kf1 f6 31. f4 e5 32. fxe5+ fxe5 33. Kf2 Bf5
34. Bf1 a6 35. a3 Ke6 36. Be2 h6 37. h4 Kf6 38. Bd1 h5 39. a4 bxa4 40. Bxa4 Ke6
41. Ke2 Kd6 42. dxe5+ Kxe5 43. Bc6 Bg4+ 44. Kf2 Bf5 1/2-1/2

[Event "XXIV Weekend B"]
[Site "Ceriano Laghetto"]
[Date "2015.03.07"]
[Round "3"]
[White "Regorda, Vittorio"]
[Black "Ronconi, Fausto"]
[WhiteElo "1791"]
[BlackElo "1679"]
[Result "1/2-1/2"]
[PlyCount "140"]
[EventDate "2015.03.06"]

1. d4 d5 2. c4 e6 3. Nf3 Nf6 4. g3 Be7 5. Bg2 Nbd7 6. O-O dxc4 7. Qa4 O-O 8.
Qxc4 Nb6 9. Qc2 c6 10. a3 Qd5 11. Nc3 Qd8 12. e4 c5 13. Rd1 cxd4 14. Rxd4 Qc7
15. Bf4 Qc5 16. Rc1 Nbd7 17. b4 Qb6 18. Na4 Qd8 19. Bc7 Qe8 20. Nc3 a6 21. e5
Nd5 22. Nxd5 exd5 23. Rxd5 b5 24. Bd6 Bb7 25. Rd2 Rc8 26. Qd1 Bxf3 27. Rxc8
Qxc8 28. Qxf3 Bxd6 29. exd6 Ne5 30. Qd1 Rd8 31. d7 Rxd7 32. Rxd7 Qxd7 33. Qxd7
Nxd7 34. f4 f6 35. Kf2 Kf7 36. Ke3 Ke6 37. Kd4 Kd6 38. Bh3 Nb6 39. Bf1 h6 40.
Bd3 Nd7 41. a4 bxa4 42. Bxa6 a3 43. Kc3 Nb6 44. Kb3 Kc6 45. Kxa3 Nd5 46. Kb3
Kb6 47. Bd3 g5 48. Kc4 Ne3+ 49. Kd4 gxf4 50. gxf4 Ng4 51. h3 Nf2 52. Bf1 Nd1
53. Kd3 Nf2+ 54. Ke3 Nd1+ 55. Kf3 Nc3 56. Kg4 Nd5 57. Be2 Nxb4 58. Kf5 Nd5 59.
Bf3 Ne3+ 60. Kxf6 Kc7 61. Kg6 Kd8 62. Bg4 Ke7 63. Kxh6 Kf6 64. Bc8 Nd5 65. f5
Ne7 66. Be6 Nxf5+ 67. Bxf5 Kxf5 68. h4 Kf6 69. h5 Kf7 70. Kh7 Kf8 1/2-1/2

[Event "XXIV Weekend B"]
[Site "Ceriano Laghetto"]
[Date "2015.03.07"]
[Round "3"]
[White "Viale, Fabio"]
[Black "Squillante, Michele"]
[WhiteElo "1825"]
[BlackElo "1710"]
[Result "1-0"]
[PlyCount "87"]
[EventDate "2015.03.06"]

1. d4 Nf6 2. g3 c6 3. c4 d5 4. cxd5 cxd5 5. Bg2 e6 6. Nc3 Be7 7. Nf3 Nc6 8. O-O
O-O 9. a3 a6 10. Qd3 b5 11. b4 Bb7 12. Bb2 Re8 13. Rac1 Qb6 14. Rfd1 Rac8 15.
h3 Na7 16. Nb1 Rxc1 17. Rxc1 Rc8 18. Nfd2 Rxc1+ 19. Bxc1 a5 20. bxa5 Qxa5 21.
Nb3 Qc7 22. Bf4 Qc4 23. Na5 Qxd3 24. exd3 Ba8 25. Bc1 Nc6 26. Nxc6 Bxc6 27. Nd2
b4 28. axb4 Bxb4 29. Nb3 Nd7 30. Kf1 Ba4 31. Bd2 Ba3 32. Na5 Nb6 33. Nb7 Bc2
34. Ke2 Bb2 35. Be3 Na4 36. Nc5 Nc3+ 37. Kf3 Bd1+ 38. Kf4 Kf8 39. Bf1 Ke7 40.
g4 Be2 41. Bg2 Nb5 42. Na4 Bxd3 43. Nxb2 Bc2 44. Bf1 1-0

[Event "XXIV Weekend B"]
[Site "Ceriano Laghetto"]
[Date "2015.03.08"]
[Round "4"]
[White "Alessandro, Sergio"]
[Black "Canali, Marco"]
[WhiteElo "1692"]
[BlackElo "1819"]
[Result "1/2-1/2"]
[PlyCount "38"]
[EventDate "2015.03.06"]

1. b4 a5 2. b5 Nf6 3. Bb2 d6 4. e3 g6 5. Nf3 Bg7 6. Be2 c5 7. c4 O-O 8. O-O
Nbd7 9. d4 e6 10. Nbd2 Qc7 11. a4 b6 12. e4 e5 13. d5 Ne8 14. Re1 Nb8 15. Qc2
Qe7 16. h4 Bg4 17. Ng5 Bxe2 18. Rxe2 h6 19. Ngf3 Nd7 1/2-1/2

[Event "XXIV Weekend B"]
[Site "Ceriano Laghetto"]
[Date "2015.03.08"]
[Round "4"]
[White "Burani, Eugenio"]
[Black "Galli, Agostino"]
[WhiteElo "1813"]
[BlackElo "1747"]
[Result "1-0"]
[PlyCount "45"]
[EventDate "2015.03.06"]

1. e4 e6 2. d4 c5 3. Nf3 cxd4 4. Nxd4 Nc6 5. Nc3 a6 6. Be2 g6 7. Nxc6 bxc6 8.
Qd4 Qf6 9. e5 c5 10. Qe4 Bb7 11. Qxb7 Qd8 12. O-O Bg7 13. f4 Ne7 14. Be3 Rb8
15. Qf3 O-O 16. Bxc5 Re8 17. Ne4 Rxb2 18. Nd6 Rxc2 19. Nxe8 Rxc5 20. Nd6 Qb6
21. Kh1 Nd5 22. Rab1 Qa5 23. Nb7 1-0

[Event "XXIV Weekend B"]
[Site "Ceriano Laghetto"]
[Date "2015.03.08"]
[Round "4"]
[White "Manco, David Jonatan"]
[Black "Monticelli, Francesco"]
[WhiteElo "1897"]
[BlackElo "1733"]
[Result "1-0"]
[PlyCount "127"]
[EventDate "2015.03.06"]

1. e4 c6 2. d4 d5 3. Nd2 dxe4 4. Nxe4 Bf5 5. Ng3 Bg6 6. Nf3 Nd7 7. Bd3 Bxd3 8.
Qxd3 Ngf6 9. Be3 e6 10. O-O Bd6 11. Ne2 Qc7 12. g3 O-O 13. Nc3 Rfe8 14. Ng5 h6
15. Nge4 Nxe4 16. Nxe4 Rad8 17. f4 f5 18. Nd2 Nf6 19. Nf3 Qf7 20. Rae1 Qg6 21.
Bc1 Ne4 22. Nd2 Nf6 23. Qb3 Nd5 24. Nc4 Re7 25. Nxd6 Rxd6 26. Qa3 Red7 27. Qxa7
Nf6 28. c3 Ne4 29. Rf3 Qg4 30. Kg2 c5 31. Be3 cxd4 32. Bxd4 Nd2 33. Rfe3 Ne4
34. Qa4 h5 35. Qd1 Qg6 36. Qf3 Ra6 37. a3 Rad6 38. Rxe4 fxe4 39. Qxe4 Qxe4+ 40.
Rxe4 Kf7 41. Re5 g6 42. a4 Ra6 43. a5 Rd5 44. Rxd5 exd5 45. b4 Ke6 46. Kf3 Kf5
47. h3 Rc6 48. g4+ hxg4+ 49. hxg4+ Ke6 50. Kg3 Rc8 51. Kh4 Kf7 52. Kg5 Rc6 53.
f5 gxf5 54. Kxf5 Rd6 55. g5 Re6 56. Bf6 Re1 57. g6+ Kg8 58. Be5 Rf1+ 59. Ke6
Rd1 60. Bd4 Rh1 61. Kxd5 Rh5+ 62. Kd6 Rh6 63. Kc7 Rxg6 64. Kxb7 1-0

[Event "XXIV Weekend B"]
[Site "Ceriano Laghetto"]
[Date "2015.03.08"]
[Round "4"]
[White "Mazzoccoli, Simone"]
[Black "Colombo, Luca"]
[WhiteElo "1733"]
[BlackElo "1837"]
[Result "0-1"]
[PlyCount "120"]
[EventDate "2015.03.06"]

1. e4 c5 2. Nc3 e6 3. g3 d5 4. exd5 exd5 5. d4 Be6 6. Nge2 Nf6 7. Bg2 Nc6 8.
O-O Be7 9. Bf4 O-O 10. Qd2 Rc8 11. Rfd1 cxd4 12. Nxd4 Nxd4 13. Qxd4 Bc5 14. Qd2
Ng4 15. Rf1 Bb4 16. a3 Bxc3 17. bxc3 Qa5 18. h3 Nf6 19. Be5 Ne4 20. Bxe4 dxe4
21. Qg5 f6 22. Bxf6 Qxg5 23. Bxg5 Rxc3 24. Kg2 Rxc2 25. Rac1 Rfc8 26. Rxc2 Rxc2
27. Rc1 Ra2 28. Rc7 Bd5 29. Be3 Rxa3 30. Kf1 Ra4 31. Ke1 a6 32. Kd2 Bc6 33. Kc3
h6 34. Kb3 Ra5 35. h4 Rd5 36. Kc3 Rd3+ 37. Kb4 Kh7 38. Kc5 Rd5+ 39. Kc4 Kg6 40.
Bd4 b5+ 41. Kc3 Bd7 42. Ra7 a5 43. Ra6+ Kf7 44. Ra7 g5 45. hxg5 hxg5 46. Ra6
Be6 47. Ra7+ Kg6 48. Re7 Rd6 49. Rg7+ Kh6 50. Re7 b4+ 51. Kc2 Rxd4 52. Rxe6+
Kh5 53. Ra6 a4 54. Kc1 a3 55. Ra5 Kg4 56. Kc2 Kf3 57. Rf5+ Kg4 58. Ra5 Rd3 59.
Ra4 b3+ 60. Kc1 Kf3 0-1

[Event "XXIV Weekend B"]
[Site "Ceriano Laghetto"]
[Date "2015.03.08"]
[Round "4"]
[White "Milanesi, Erminio"]
[Black "Bernasconi, Roberto"]
[WhiteElo "1776"]
[BlackElo "1891"]
[Result "1/2-1/2"]
[PlyCount "34"]
[EventDate "2015.03.06"]

1. g3 g6 2. Nh3 Bg7 3. f3 c5 4. Nf2 Nc6 5. c3 d5 6. Bg2 Nf6 7. O-O O-O 8. d3
Qb6 9. Nd2 Rd8 10. Qc2 e5 11. e4 Be6 12. Kh1 h6 13. b3 Rac8 14. Bb2 Qc7 15. Qc1
d4 16. c4 a5 17. a4 Rf8 1/2-1/2

[Event "XXIV Weekend B"]
[Site "Ceriano Laghetto"]
[Date "2015.03.08"]
[Round "4"]
[White "Moroni, Luca"]
[Black "Baronio, Gaia"]
[WhiteElo "1833"]
[BlackElo "1822"]
[Result "0-1"]
[PlyCount "34"]
[EventDate "2015.03.06"]

1. Nf3 d5 2. d4 Nf6 3. Nc3 Bf5 4. Bf4 e6 5. e3 c5 6. Bb5+ Nc6 7. O-O h6 8. Re1
Be7 9. Ne5 Rc8 10. g4 Bh7 11. f3 Qb6 12. a4 O-O 13. g5 hxg5 14. Bxg5 Rfd8 15.
Qd2 cxd4 16. Bxc6 dxc3 17. Qg2 cxb2 0-1

[Event "XXIV Weekend B"]
[Site "Ceriano Laghetto"]
[Date "2015.03.08"]
[Round "4"]
[White "Poletto, Daniele"]
[Black "Regorda, Vittorio"]
[WhiteElo "1708"]
[BlackElo "1791"]
[Result "1/2-1/2"]
[PlyCount "63"]
[EventDate "2015.03.06"]

1. c4 e5 2. Nc3 g6 3. e4 Bg7 4. g3 d6 5. Bg2 c5 6. Nge2 Nc6 7. O-O Nge7 8. d3
O-O 9. Be3 h6 10. Qd2 Kh7 11. f4 Nd4 12. Bxd4 cxd4 13. Nd5 Nxd5 14. cxd5 b6 15.
Rac1 Bg4 16. h3 Bxe2 17. Qxe2 Qd7 18. Rc6 Rac8 19. Rfc1 Rxc6 20. Rxc6 Rc8 21.
Qc2 Rxc6 22. Qxc6 Qe7 23. f5 Bf8 24. Qc8 Kg8 25. fxg6 fxg6 26. Qg4 Kh7 27. h4
h5 28. Qf3 Bh6 29. Bh3 Qf8 30. Qxf8 Bxf8 31. Kf2 Bh6 32. b3 1/2-1/2

[Event "XXIV Weekend B"]
[Site "Ceriano Laghetto"]
[Date "2015.03.08"]
[Round "4"]
[White "Ranieri, Matteo"]
[Black "Pedemonte, Claudio"]
[WhiteElo "1688"]
[BlackElo "1707"]
[Result "0-1"]
[PlyCount "70"]
[EventDate "2015.03.06"]

1. d4 d6 2. Nf3 Nf6 3. Bf4 g6 4. e3 Bg7 5. Be2 O-O 6. O-O b6 7. h3 Bb7 8. Nbd2
Nbd7 9. c3 Re8 10. Bh2 e5 11. a3 e4 12. Ne1 a5 13. c4 Qe7 14. Nc2 c5 15. b3 Nf8
16. Rb1 N6d7 17. d5 f5 18. g4 fxg4 19. hxg4 Be5 20. Bxe5 Qxe5 21. Kg2 Nf6 22.
Rg1 Bc8 23. Kf1 g5 24. b4 Ng6 25. bxc5 bxc5 26. Qc1 Rf8 27. Qb2 Qh2 28. Rg2
Qh1+ 29. Rg1 Qh3+ 30. Rg2 Nh4 31. Ne1 Nxg4 32. Bxg4 Bxg4 33. Kg1 Nxg2 34. Nxg2
Bf3 35. Nxf3 exf3 0-1

[Event "XXIV Weekend B"]
[Site "Ceriano Laghetto"]
[Date "2015.03.08"]
[Round "4"]
[White "Revinelli, Sergio"]
[Black "Viale, Fabio"]
[WhiteElo "1795"]
[BlackElo "1825"]
[Result "1/2-1/2"]
[PlyCount "35"]
[EventDate "2015.03.06"]

1. e4 c5 2. Nf3 d6 3. d4 cxd4 4. Nxd4 Nf6 5. Nc3 a6 6. Be2 e5 7. Nb3 Be7 8. a4
Be6 9. O-O d5 10. exd5 Nxd5 11. Nxd5 Qxd5 12. Be3 O-O 13. Qxd5 Bxd5 14. Rfd1
Be4 15. Bd3 Bxd3 16. Rxd3 Nc6 17. Bb6 Bd8 18. Bxd8 1/2-1/2

[Event "XXIV Weekend B"]
[Site "Ceriano Laghetto"]
[Date "2015.03.08"]
[Round "4"]
[White "Ronconi, Fausto"]
[Black "Cervini, Gian Piero"]
[WhiteElo "1679"]
[BlackElo "1743"]
[Result "1-0"]
[PlyCount "103"]
[EventDate "2015.03.06"]

1. d4 c5 2. dxc5 Qa5+ 3. Nc3 Qxc5 4. Nf3 Nf6 5. Be3 Qb4 6. Bd4 Nc6 7. Rb1 Nxd4
8. Qxd4 e6 9. a3 Qa5 10. e3 Nd5 11. Qa4 Qxa4 12. Nxa4 b6 13. Be2 Bb7 14. O-O
Bc6 15. c4 Nxe3 16. fxe3 Bxa4 17. b3 Bc6 18. Ne5 Be4 19. Rbd1 f6 20. Nxd7 Bxa3
21. Bf3 Bxf3 22. Rxf3 Rd8 23. Ra1 Be7 24. Nxf6+ gxf6 25. Rxa7 f5 26. Rb7 Bc5
27. Kf1 O-O 28. Rg3+ Kh8 29. Rh3 Rf6 30. Rbxh7+ Kg8 31. Rh8+ Kf7 32. Rxd8 f4
33. e4 Rg6 34. Rf3 e5 35. h3 Ke7 36. Rh8 Rd6 37. Rh7+ Kf8 38. Rh5 Re6 39. Rd3
Bd4 40. g4 fxg3 41. Rxg3 Ke7 42. Rhg5 Rf6+ 43. Rf5 Rh6 44. Ke2 Kd6 45. b4 Rh4
46. Kd3 Rh6 47. Rgf3 Ke6 48. Rf8 Ke7 49. R8f7+ Ke6 50. Rb7 Kd6 51. c5+ bxc5 52.
Rb6+ 1-0

[Event "XXIV Weekend B"]
[Site "Ceriano Laghetto"]
[Date "2015.03.08"]
[Round "4"]
[White "Scovazzi, Tullio"]
[Black "Orlandini, Andrea"]
[WhiteElo "1679"]
[BlackElo "1646"]
[Result "0-1"]
[PlyCount "78"]
[EventDate "2015.03.06"]

1. e4 c5 2. d4 cxd4 3. c3 dxc3 4. Nxc3 Nc6 5. Nf3 d6 6. Bc4 e6 7. O-O Be7 8.
Qe2 Nf6 9. Rd1 Bd7 10. Nb5 Qb8 11. Bg5 a6 12. Bxf6 gxf6 13. Nc3 b5 14. Bd3 Qb7
15. Rac1 h5 16. a3 h4 17. h3 Ne5 18. Nxe5 fxe5 19. Bb1 Rc8 20. Na2 Bc6 21. Nb4
Kd7 22. Nd3 Ke8 23. Nb4 Kd7 24. Nd3 Ke8 25. Nb4 a5 26. Nxc6 Rxc6 27. Bd3 Rb6
28. Rc2 b4 29. Rdc1 Bd8 30. Rc8 Kd7 31. R8c2 bxa3 32. bxa3 Rg8 33. a4 Bg5 34.
Bb5+ Kd8 35. Rc8+ Qxc8 36. Rxc8+ Kxc8 37. Qe1 Kb7 38. Qxa5 Rc8 39. Qe1 Rc1 0-1

[Event "XXIV Weekend B"]
[Site "Ceriano Laghetto"]
[Date "2015.03.08"]
[Round "4"]
[White "Squillante, Michele"]
[Black "Greco, Umberto"]
[WhiteElo "1710"]
[BlackElo "1705"]
[Result "0-1"]
[PlyCount "84"]
[EventDate "2015.03.06"]

1. d4 Nf6 2. Nf3 g6 3. Bg5 Bg7 4. Nbd2 O-O 5. e4 d6 6. c3 c5 7. Be2 cxd4 8.
cxd4 Nc6 9. d5 Nb8 10. O-O Nbd7 11. Bd3 Ng4 12. h3 Nge5 13. Bc2 Nxf3+ 14. Nxf3
Bxb2 15. Rb1 Bg7 16. Re1 Ne5 17. Nxe5 Bxe5 18. f4 Bg7 19. f5 h6 20. Be3 g5 21.
Qh5 Qa5 22. Bb3 b6 23. h4 f6 24. hxg5 hxg5 25. Rf1 Ba6 26. Rf3 Be2 27. Kf2 Bxf3
28. gxf3 Qc3 29. Rh1 Rf7 30. f4 Qb2+ 31. Kf3 g4+ 32. Qxg4 Rc8 33. Qh4 Rc3 34.
Re1 Rxb3 35. axb3 Qxb3 36. Qh1 Bf8 37. Ra1 Rh7 38. Qg1+ Rg7 39. Qf1 b5 40. Qf2
a5 41. Rxa5 Qd1+ 42. Qe2 Rg3+ 0-1

[Event "XXIV Weekend B"]
[Site "Ceriano Laghetto"]
[Date "2015.03.08"]
[Round "4"]
[White "Tahiraj, Almir"]
[Black "Carbone, Lorenzo"]
[WhiteElo "1846"]
[BlackElo "1605"]
[Result "1-0"]
[PlyCount "39"]
[EventDate "2015.03.06"]

1. f4 Nf6 2. Nf3 e6 3. d4 d5 4. e3 Be7 5. Bd3 b6 6. Qe2 a5 7. Nbd2 O-O 8. O-O
c5 9. c3 cxd4 10. exd4 Qc7 11. Ne5 Ba6 12. Bxa6 Rxa6 13. Rf3 Ra7 14. Rh3 Nbd7
15. Qd3 g6 16. Ndf3 Rc8 17. Ng5 Rf8 18. Bd2 Kg7 19. Nexf7 Rxf7 20. Nxe6+ 1-0

[Event "XXIV Weekend B"]
[Site "Ceriano Laghetto"]
[Date "2015.03.08"]
[Round "5"]
[White "Baronio, Gaia"]
[Black "Bernasconi, Roberto"]
[WhiteElo "1822"]
[BlackElo "1891"]
[Result "1/2-1/2"]
[PlyCount "30"]
[EventDate "2015.03.06"]

1. e4 e5 2. Nf3 Nf6 3. Nxe5 d6 4. Nf3 Nxe4 5. d4 d5 6. Bd3 Be7 7. O-O Nc6 8.
Re1 Bg4 9. c3 f5 10. Nbd2 O-O 11. Nf1 Bd6 12. Ng3 Nxg3 13. fxg3 f4 14. gxf4
Bxf4 15. Bxf4 Rxf4 1/2-1/2

[Event "XXIV Weekend B"]
[Site "Ceriano Laghetto"]
[Date "2015.03.08"]
[Round "5"]
[White "Carbone, Lorenzo"]
[Black "Manco, David Jonatan"]
[WhiteElo "1605"]
[BlackElo "1897"]
[Result "0-1"]
[PlyCount "62"]
[EventDate "2015.03.06"]

1. e4 e5 2. Nf3 Nc6 3. Bb5 a6 4. Ba4 b5 5. Bb3 d6 6. c3 Nf6 7. O-O Bg4 8. Re1
Be7 9. h3 Bh5 10. d4 O-O 11. g4 Bg6 12. Bc2 h6 13. Nbd2 Nh7 14. Nf1 Ng5 15.
Nxg5 Bxg5 16. Ng3 Ne7 17. Bxg5 hxg5 18. Qe2 Bh7 19. Rad1 Ng6 20. Qf1 Qc8 21.
Qd3 Nf4 22. Qf1 Qe6 23. Re3 Qxa2 24. Rb1 exd4 25. cxd4 Qe6 26. Ra1 Qf6 27. Rd1
Rfd8 28. b4 a5 29. bxa5 Rxa5 30. Rc3 c5 31. dxc5 Qxc3 0-1

[Event "XXIV Weekend B"]
[Site "Ceriano Laghetto"]
[Date "2015.03.08"]
[Round "5"]
[White "Cervini, Gian Piero"]
[Black "Poletto, Daniele"]
[WhiteElo "1743"]
[BlackElo "1708"]
[Result "1-0"]
[PlyCount "63"]
[EventDate "2015.03.06"]

1. e4 c5 2. c3 Nf6 3. Bd3 Nc6 4. Nf3 d6 5. h3 g6 6. Bc2 Bg7 7. d4 cxd4 8. cxd4
Nd7 9. Nc3 a6 10. Be3 b5 11. Qd2 Bb7 12. Bh6 O-O 13. h4 Nf6 14. Bxg7 Kxg7 15.
h5 Rh8 16. h6+ Kg8 17. Qf4 b4 18. e5 bxc3 19. exf6 cxb2 20. Rb1 e5 21. Qd2 Nxd4
22. Nxd4 exd4 23. O-O Qxf6 24. Rxb2 Bd5 25. Rfb1 Rd8 26. Rb8 Bxa2 27. Rxd8+
Qxd8 28. Qxd4 f6 29. Rb7 Bf7 30. Qa7 Qf8 31. Rb8 Be8 32. Rxe8 1-0

[Event "XXIV Weekend B"]
[Site "Ceriano Laghetto"]
[Date "2015.03.08"]
[Round "5"]
[White "Colombo, Luca"]
[Black "Alessandro, Sergio"]
[WhiteElo "1837"]
[BlackElo "1692"]
[Result "1-0"]
[PlyCount "101"]
[EventDate "2015.03.06"]

1. e4 d5 2. exd5 Qxd5 3. Nc3 Qe6+ 4. Be2 Qg6 5. Bf3 Nc6 6. d4 Nb4 7. Be4 Bf5 8.
Qe2 Bxe4 9. Nxe4 Qxg2 10. Qb5+ Kd8 11. Qxb7 Rc8 12. Nc5 Qxb7 13. Nxb7+ Ke8 14.
Kd2 Nf6 15. c3 Nbd5 16. f3 e6 17. Ne2 Rb8 18. Na5 Bd6 19. Kc2 Kd7 20. Nc4 Be7
21. Ne5+ Ke8 22. Ng3 g6 23. Nc6 Rb7 24. Nxe7 Nxe7 25. Ne4 Nh5 26. Bd2 h6 27.
Rhe1 Kf8 28. Nc5 Rb5 29. a4 Rxc5 30. dxc5 Kg7 31. c4 Re8 32. Bc3+ Kg8 33. b4
Nf4 34. Be5 Ng2 35. Re2 Nh4 36. f4 Nf3 37. Bc3 Nf5 38. Rd1 g5 39. fxg5 hxg5 40.
Rd7 Re7 41. Rxe7 Nxe7 42. Rf2 g4 43. h3 Nf5 44. hxg4 N5h4 45. a5 e5 46. Kd3 f6
47. b5 Kf7 48. b6 axb6 49. cxb6 Ng5 50. bxc7 e4+ 51. Ke3 1-0

[Event "XXIV Weekend B"]
[Site "Ceriano Laghetto"]
[Date "2015.03.08"]
[Round "5"]
[White "Greco, Umberto"]
[Black "Burani, Eugenio"]
[WhiteElo "1705"]
[BlackElo "1813"]
[Result "1-0"]
[PlyCount "71"]
[EventDate "2015.03.06"]

1. c4 c5 2. Nc3 Nc6 3. Nf3 Nf6 4. g3 g6 5. Bg2 Bg7 6. O-O O-O 7. d3 d6 8. Rb1
Bd7 9. a3 Qc8 10. Re1 Bh3 11. Bh1 h6 12. Qc2 Ng4 13. e4 Nge5 14. Nxe5 Nd4 15.
Qd1 dxe5 16. Be3 g5 17. b4 cxb4 18. Nd5 Qd7 19. Bxd4 exd4 20. Nxb4 f5 21. exf5
Rxf5 22. Be4 Rff8 23. Nd5 Rae8 24. Rxb7 Qd6 25. Nxe7+ Rxe7 26. Rxe7 Qf6 27.
Bd5+ Kh8 28. Qd2 h5 29. Rxa7 Bh6 30. Ree7 Bf5 31. Rf7 Rxf7 32. Rxf7 Qg6 33. Qe2
Bg7 34. Qe8+ Kh7 35. Rxg7+ Kxg7 36. Qxg6+ 1-0

[Event "XXIV Weekend B"]
[Site "Ceriano Laghetto"]
[Date "2015.03.08"]
[Round "5"]
[White "Milanesi, Erminio"]
[Black "Tahiraj, Almir"]
[WhiteElo "1776"]
[BlackElo "1846"]
[Result "1/2-1/2"]
[PlyCount "100"]
[EventDate "2015.03.06"]

1. g3 g6 2. Nh3 Bg7 3. f3 d5 4. Nf2 c5 5. Bg2 Nc6 6. O-O Nf6 7. d3 O-O 8. c3
Qc7 9. Na3 a6 10. Nc2 b5 11. e3 Bb7 12. Bd2 a5 13. d4 c4 14. e4 e6 15. e5 Nd7
16. f4 Qb6 17. Rc1 b4 18. Rb1 b3 19. axb3 Qxb3 20. Na3 Qxd1 21. Nxd1 a4 22. Ne3
Rfb8 23. Bf3 Bf8 24. Bd1 Nb6 25. Bc2 Bc8 26. Ra1 Na5 27. Bc1 Bd7 28. Kf2 Nb3
29. Bxb3 axb3 30. Nd1 Na4 31. Nb1 Nxc3 32. Rxa8 Nxd1+ 33. Rxd1 Rxa8 34. Nc3 Ra1
35. Bd2 Ra8 36. g4 Be7 37. g5 Bd8 38. h4 Kg7 39. Kg2 Be7 40. Rc1 Bb4 41. Rd1
Bc6 42. Rb1 h6 43. Rd1 hxg5 44. hxg5 Be7 45. Rh1 Bd8 46. Rb1 Bb6 47. Be3 Ba5
48. Bd2 Bb4 49. Rd1 Kf8 50. Rh1 Ke7 1/2-1/2

[Event "XXIV Weekend B"]
[Site "Ceriano Laghetto"]
[Date "2015.03.08"]
[Round "5"]
[White "Orlandini, Andrea"]
[Black "Monticelli, Francesco"]
[WhiteElo "1646"]
[BlackElo "1733"]
[Result "1-0"]
[PlyCount "91"]
[EventDate "2015.03.06"]

1. e4 c6 2. d4 d5 3. Nc3 dxe4 4. Nxe4 Bf5 5. Ng3 Bg6 6. h4 h6 7. Nf3 Nd7 8. h5
Bh7 9. Bd3 Bxd3 10. Qxd3 Qc7 11. c4 e6 12. Bd2 Ngf6 13. Bc3 Bd6 14. Ne2 Rd8 15.
O-O-O O-O 16. Kb1 b5 17. c5 Be7 18. Qc2 a5 19. Bd2 Nd5 20. Bc1 Bf6 21. g4 Nb4
22. Qe4 e5 23. g5 exd4 24. gxf6 Nxf6 25. Qf4 Qe7 26. Rhg1 Nxh5 27. Qe5 Qe6 28.
Qxe6 fxe6 29. Nexd4 Rf6 30. a3 Na6 31. Ne5 Nxc5 32. Nexc6 Rdf8 33. Be3 e5 34.
Nxe5 Re8 35. Ng4 Rd6 36. Nxb5 Rxd1+ 37. Rxd1 Ne4 38. Rh1 Nhf6 39. Nxf6+ Nxf6
40. Rg1 g5 41. Nd6 Rb8 42. f4 Nd5 43. Bd2 Rd8 44. Ne4 Kh7 45. fxg5 hxg5 46.
Nxg5+ 1-0

[Event "XXIV Weekend B"]
[Site "Ceriano Laghetto"]
[Date "2015.03.08"]
[Round "5"]
[White "Pedemonte, Claudio"]
[Black "Mazzoccoli, Simone"]
[WhiteElo "1707"]
[BlackElo "1733"]
[Result "1-0"]
[PlyCount "79"]
[EventDate "2015.03.06"]

1. c4 g6 2. Nc3 Bg7 3. e4 e5 4. g3 d6 5. Bg2 Nc6 6. Nge2 Nge7 7. d3 O-O 8. O-O
Bd7 9. h3 Qc8 10. Kh2 f5 11. f4 Nd4 12. Be3 a6 13. a4 Rb8 14. Rb1 c5 15. b4
cxb4 16. Rxb4 Nec6 17. Rb6 Nxe2 18. Nxe2 Kh8 19. Qd2 Rf7 20. Rfb1 fxe4 21. Bxe4
Be8 22. Bd5 Rc7 23. Nc3 Bf7 24. Qc2 Nd4 25. Qf2 Nf5 26. Bd2 exf4 27. gxf4 Bd4
28. Qf3 Bxb6 29. Rxb6 Re7 30. Bxf7 Rxf7 31. Nd5 Qe6 32. Bc3+ Kg8 33. Rb1 Qc8
34. Nf6+ Kf8 35. Re1 Qc6 36. Qe2 Qxa4 37. Ba1 Qc6 38. Qb2 Nh4 39. Nd7+ Rxd7 40.
Qh8+ 1-0

[Event "XXIV Weekend B"]
[Site "Ceriano Laghetto"]
[Date "2015.03.08"]
[Round "5"]
[White "Regorda, Vittorio"]
[Black "Moroni, Luca"]
[WhiteElo "1791"]
[BlackElo "1833"]
[Result "1/2-1/2"]
[PlyCount "42"]
[EventDate "2015.03.06"]

1. d4 d6 2. g3 Nf6 3. Bg2 g6 4. c4 Bg7 5. Nc3 O-O 6. Nf3 Na6 7. O-O c5 8. e3
Rb8 9. Rb1 Bf5 10. Ra1 Nb4 11. Ne1 cxd4 12. Qxd4 a6 13. Qd2 Nc6 14. e4 Be6 15.
b3 Qc7 16. Bb2 Ne5 17. Nd3 Nxd3 18. Qxd3 Rbc8 19. Ne2 Ng4 20. Bxg7 Kxg7 21. Nf4
Qc5 1/2-1/2

[Event "XXIV Weekend B"]
[Site "Ceriano Laghetto"]
[Date "2015.03.08"]
[Round "5"]
[White "Viale, Fabio"]
[Black "Ronconi, Fausto"]
[WhiteElo "1825"]
[BlackElo "1679"]
[Result "1-0"]
[PlyCount "53"]
[EventDate "2015.03.06"]

1. d4 d5 2. c4 e6 3. Nc3 Nf6 4. Bg5 Be7 5. e3 O-O 6. Nf3 Nbd7 7. Qc2 b6 8. Bd3
dxc4 9. Bxc4 Bb7 10. e4 c5 11. dxc5 Nxc5 12. Rd1 Qc7 13. Nb5 Bxe4 14. Qxe4
Ncxe4 15. Nxc7 Rac8 16. Bf4 Bc5 17. O-O Ng4 18. Nxe6 Nexf2 19. Nxc5 Nxd1 20.
Rxd1 Rxc5 21. Bb3 Rfc8 22. Ng5 Rf5 23. g3 h6 24. Ne4 g5 25. Nd6 gxf4 26. Nxc8
fxg3 27. Ne7+ 1-0

[Event "XVI C.to Europeo"]
[Site "Gerusalemme ISR"]
[Date "2015.02.24"]
[Round "1"]
[White "Akopian, Vladimir E."]
[Black "Codenotti, Marco"]
[WhiteElo "2660"]
[BlackElo "2374"]
[Result "1/2-1/2"]
[PlyCount "108"]
[EventDate "2015.02.24"]

1. Nf3 d5 2. g3 c6 3. Bg2 Bg4 4. c4 e6 5. O-O Nd7 6. cxd5 exd5 7. d3 Ngf6 8.
Nc3 Bd6 9. Qc2 O-O 10. e4 Re8 11. h3 Bxf3 12. Bxf3 dxe4 13. dxe4 Be5 14. Bg2
Nc5 15. Be3 Qd3 16. Rfc1 Qxc2 17. Rxc2 Bxc3 18. Bxc5 Ba5 19. f3 Bb6 20. Bxb6
axb6 21. Rd2 Kf8 22. Kf2 Red8 23. Rxd8+ Rxd8 24. Ke3 b5 25. Rc1 Nd7 26. Bf1 b4
27. Rd1 Ke7 28. Rd4 c5 29. Rd5 f6 30. Bb5 b6 31. f4 Nf8 32. Rxd8 Kxd8 33. e5
fxe5 34. fxe5 Ne6 35. Ke4 Nc7 36. Bc4 Ke7 37. h4 g6 38. g4 b5 39. Bd3 Ke6 40.
g5 Ke7 41. Bc2 Ke6 42. Bd1 Kf7 43. h5 Ke7 44. h6 Kf7 45. Be2 Ke7 46. Bg4 c4 47.
Bd1 Ne6 48. Kd5 c3 49. bxc3 bxc3 50. a3 Nxg5 51. Kd4 Nf3+ 52. Kxc3 Nxe5 53. Be2
Kd6 54. Bxb5 Nf7 1/2-1/2

[Event "XVI C.to Europeo"]
[Site "Gerusalemme ISR"]
[Date "2015.02.24"]
[Round "1"]
[White "Godena, Michele"]
[Black "Feldman, Antony"]
[WhiteElo "2502"]
[BlackElo "1807"]
[Result "1-0"]
[PlyCount "59"]
[EventDate "2015.02.24"]

1. e4 d5 2. exd5 Qxd5 3. Nc3 Qd6 4. d4 g6 5. Nf3 Nf6 6. g3 Bg7 7. Bg2 Qa6 8.
Bf4 c6 9. Ne2 Nd5 10. Be5 f6 11. Bxb8 Rxb8 12. O-O O-O 13. Re1 Bd7 14. Qd2 Rbe8
15. Nc1 b6 16. Nd3 Nc7 17. Qc3 Kh8 18. a4 Qc8 19. a5 Nb5 20. Qb4 Bg4 21. axb6
axb6 22. d5 Bxf3 23. Bxf3 f5 24. c3 e5 25. dxc6 e4 26. Qxb5 exf3 27. Rxe8 Rxe8
28. Qd5 Re4 29. c7 Re8 30. Re1 1-0